000 01017nam a22002177a 4500
999 _c21046
_d21046
003 AR-CdUCM
008 190725b ||||| |||| 00| 0 spa d
040 _aMUNICIPALIDAD PROVINCIAL DEL CUSCO
_cBIBLIOTECA MUNICIPAL DEL CUSCO
082 _a338.61 /
_bV66
100 _aVillafuerte R., Jorge
_929926
245 _aInvestigación enseñanza y difusión :
_buna acción local con perspectivas para impulsar una política de desarrollo regional /
260 _aCusco :
_c1983.
300 _a64 páginas ;
_c28 cm.
505 _aContenido : impacto de los proyectos y los institutos en el desarrollo de la región, en particular con los sectores más deprimidos con los que trabajo o trabaja, y alternativas que plantean para un desarrollo más efectivo en base a las experiencias acumuladas en materia de investigación y proyección social.
650 _aEducación
_9460
650 _aEnseñanza
_91616
650 _aProyectos
_94155
700 _aSaloma G., Adolfo
_943847
942 _2ddc
_cLIBROS
945 _azta